| 000 | 01083nab a2200217 i 4500 | ||
|---|---|---|---|
| 001 | 768714001 | ||
| 003 | CO-MdFUSB | ||
| 005 | 20240611155232.0 | ||
| 008 | 240611t1972 ck ||||| |||| 00| 0 spa d | ||
| 040 |
_bspa _cCO-MdFUSB _dCO-MdFUSB |
||
| 041 | _aspa | ||
| 100 |
_aVélez, Fabio, _eautor |
||
| 245 |
_aTeología de la cultura _c/ Fabio Vélez |
||
| 520 | _aEl conjunto de reflexiones que constituyen el tema de este capítulo pretenden ser conclusión y culminación de las ideas expuestas sobre el conflicto entre "concepto" e "intuición", entre "pensamiento cosmológico" y "pensamiento ontológico"; la tesis de que la "religión es la sustancia de la cultura y la cultura la forma de la religión". | ||
| 650 | 7 |
_aReligión y cultura _9388 |
|
| 650 | 7 |
_aTeología natural _97182 |
|
| 650 | 7 |
_aAntropología cultural y social _96714 |
|
| 773 | 0 |
_070111 _982740 _dBogotá, Colombia : _oR2615 _tEcclesiastica Xaveriana _w(CO-MdFUSB)768714001 _gVolumen 22, (número 1, 1972) páginas: 3 - 67 _qpágina: 67 |
|
| 942 | _cANA | ||
| 945 | _aCatherine Arias Álvarez - Practicante SENA | ||
| 999 |
_c70121 _d70121 |
||